Brza matematika - kvadratni korijeni - Statistics

General Stats
  • This quiz has been taken 10 times
  • The average score is 9 of 20
Answer Stats
problem odgovor % Correct
1 1
100%
100 10
100%
169 13
100%
225 15
100%
289 17
100%
324 18
100%
4 2
100%
9 3
100%
961 31
100%
16 4
100%
25 5
100%
36 6
100%
49 7
100%
64 8
100%
81 9
100%
3600 60
80%
400 20
75%
144 12
67%
529 23
67%
729 27
67%
2500 50
67%
196 14
50%
484 22
50%
784 28
50%
1156 34
50%
1444 38
50%
256 16
33%
361 19
33%
441 21
33%
841 29
33%
1089 33
33%
1600 40
33%
1936 44
33%
576 24
25%
1849 43
20%
121 11
0%
625 25
0%
676 26
0%
900 30
0%
1024 32
0%
1225 35
0%
1296 36
0%
1369 37
0%
1521 39
0%
1681 41
0%
1764 42
0%
2025 45
0%
2116 46
0%
2209 47
0%
2304 48
0%
2401 49
0%
2601 51
0%
2704 52
0%
2809 53
0%
2916 54
0%
3025 55
0%
3136 56
0%
3249 57
0%
3364 58
0%
3481 59
0%
No matching quizzes found
Score Distribution
Percent of People with Each Score
Percentile by Number Answered
Your Score History
You have not taken this quiz